000 00345nam a22001217a 4500
005 20250821091025.0
008 250821b |||||||| |||| 00| 0 eng d
082 _a005
_bBAR-H
100 _aBargiela and Pedrycz (Eds.)
245 _aHuman-Centric Information Processing Through Granular Modelling
650 _aComputer Science & IT
999 _c37047
_d37047